Français - Abréviations courantes - Statistiques

Statistiques générales
  • Ce quiz a été pris 204 fois
  • Le résultat moyen est 37 sur 109
Statistiques - réponses
Abréviation ARMEE % Correct
B.D. Bande Dessinée
87%
J.O. Jeux Olympiques
81%
R.A.S. Rien à Signaler
80%
SVP S'il vous plait
77%
V.F. Version Française
77%
V.O. Version Originale
76%
J.T. Journal Télévisé
75%
St Saint
73%
U.E. Union Européenne
73%
V.T.T. Vélo Tout Terrain
73%
OVNI Objet Volant Non Identifié
71%
O.N.U. Organisation des Nations Unies
70%
T.G.V. Train à Grande Vitesse
68%
T.P. Travaux Pratiques
67%
Q.G. Quartier Général
66%
Q.I. Quotient Intellectuel
65%
P.I.B. Produit Intérieur Brut
64%
P.A.C.A. Provence Alpes Côte d'Azur
64%
M.S.T. Maladie Sexuellement Transmissible
63%
P.S. Post Scriptum
63%
C.D.D. Contrat à Durée Déterminée
62%
C.D.I. Contrat à Durée Indéterminée
62%
D.O.M. Département d'Outre-Mer
60%
N.B. Nota Bene
60%
C.H.U. Centre Hospitalo-Universitaire
59%
T.D. Travaux Dirigés
58%
O.M.S. Organisation Mondiale de la Santé
57%
C.V. Curriculum Vitae
55%
Z.I. Zone Industrielle
55%
T.T.C. Toutes Taxes Comprises
51%
E.D.F. Electricité de France
50%
H.S. Hors Service
50%
I.V.G. Interruption Volontaire de Grossesse
49%
O.N.G. Organisation Non Gouvernementale
49%
AVC Accident Vasculaire Cérébral
48%
OGM Organisme Génétiquement Modifié
48%
DJ Disc Jockey
47%
PME Petites et Moyennes Entreprises
46%
PV Procès-Verbal
46%
BCBG Bon Chic Bon Genre
42%
N.D. Notre-Dame
41%
A.O.C. Appellation d'Origine Contrôlée
40%
R.I.B. Relevé d'Identité Bancaire
40%
T.V.A. Taxe sur la Valeur Ajoutée
40%
H.T. Hors Taxes
38%
B.T.S. Brevet de Technicien Supérieur
37%
C.A.F. Caisse d'Allocations Familiales
35%
WC Water-Closet
35%
U.R.S.S. Union des Républiques Socialistes Soviétiques
34%
O.T.A.N. Organisation du Traité de l'Atlantique Nord
33%
R.N. Route Nationale
33%
C.E. Comité d'Entreprise
32%
V.T.C. Vélo Tout Chemin
32%
C.A. Chiffre d'Affaires
30%
S.A. Société Anonyme
30%
N.D.L.R. Note de la Rédaction
29%
E.N.A. Ecole Nationale d'Administration
28%
F.M.I. Fonds Monétaire International
28%
C.I.O. Comité International Olympique
27%
N.S. Notre Seigneur
27%
B.T.P. Bâtiment Travaux Publics
26%
C.A.P. Certificat d'Aptitude Professionnelle
26%
P.E.L. Plan d'Epargne Logement
24%
CNRS Centre National de la Recherche Scientifique
23%
SARL Société à Responsabilité Limitée
22%
C.S.A. Conseil Supérieur de l'Audiovisuel
20%
L.P. Lycée Professionnel
20%
MM. Messieurs
20%
P.C. Poste de Commandement
20%
T.S.V.P. Tournez s'il vous plait
19%
ULM Ultra Léger Motorisé
19%
G.R. Grande Randonnée
18%
OPEP Organisation des Pays Exportateurs de Pétrole
18%
R.I. Régiment d'Infanterie
18%
BD Boulevard
17%
B.E.P. Brevet d'Etudes Professionnelles
16%
I.U.T. Institut Universitaire de Technologie
16%
S.A.R. Son Altesse Royale
16%
SIDA Syndrome d'Immunodéficience Acquise
16%
UHT Ultra Haute Température
16%
I.R.M. Imagerie par Résonance Magnétique
15%
P.A.F. Paysage Audiovisuel Français
15%
D.B. Division Blindée
13%
P.M.U. Pari Mutuel Urbain
12%
RATP Régie Autonome des Transports Parisiens
12%
S.S. Sa Sainteté
12%
SAMU Service d'Aide Médicale d'Urgence
12%
T.N.T. Télévision Numérique Terrestre
12%
C.R.S. Compagnie Républicaine de Sécurité
11%
IGN Institut Géographique National
11%
B.P. Boîte Postale
10%
D.D.E. Direction Départementale de l'Equipement
10%
C.S.G. Contribution Sociale Généralisée
6%
C.D. Corps Diplomatique
6%
INSEE Institut National de la Statistique et des Etudes Economiques
6%
C.E.S. Collège d'Enseignement Secondaire
5%
I.N.R.A. Institut National de la Recherche Agronomique
5%
A.R. Altesse Royale
4%
IFOP Institut Français d'Opinion Publique
4%
I.N.C. Institut National de la Consommation
4%
C.E.A. Commissariat à l'Energie Atomique
3%
H.P. Haut Parleur
3%
I.M.A. Institut du Monde Arabe
3%
T.S.F. Télégraphie Sans Fil
3%
D.C.A. Défense Contre Avions
2%
B.E.P.C. Brevet d'Etude du Premier Cycle
1%
Z.U.P. Zone à Urbaniser en Priorité
1%
R.S.A Revenu Actif de Solidarité
0%
SMIC Salaire Mininum Interprofessionnel de Croissance
0%
Aucun quiz correspondant
Distribution des résultats
% des personnes avec chaque résultat
Percentile par nombre de réponses
Votre historique - résultats
Vous n’avez pas pris ce quiz